000
00282nam a22001337a 4500
008
181031b xxu||||| |||| 00| 0 eng d
020
_a
070314713
041
_a
eng
080
_2
3rd
_a
616.12
100
_a
6
101
_a
KAR
245
_a
The Heart
_c
Hurst, J.W
942
_2
udc
_c
BK
999
_c
51373
_d
51373